Detalles MARC
| 000 -CABECERA |
| campo de control de longitud fija |
02496nam a2200241 4500 |
| 003 - IDENTIFICADOR DEL NÚMERO DE CONTROL |
| campo de control |
vecauma |
| 005 - FECHA Y HORA DE LA ÚLTIMA TRANSACCIÓN |
| campo de control |
20260311192119.0 |
| 007 - CAMPO FIJO DE DESCRIPCIÓN FÍSICA--INFORMACIÓN GENERAL |
| campo de control de longitud fija |
ta |
| 008 - DATOS DE LONGITUD FIJA--INFORMACIÓN GENERAL |
| campo de control de longitud fija |
260311b ve ||||| |||| 00| 0 spa d |
| 020 ## - ISBN |
| Número Internacional Estándar del Libro |
9588165040 |
| 040 ## - FUENTE DE LA CATALOGACIÓN |
| Centro catalogador/agencia de origen |
vecauma |
| Lengua de catalogación |
spa |
| Centro/agencia transcriptor |
vecauma |
| Centro/agencia modificador |
vecauma |
| Normas de descripción |
rda |
| 041 ## - CÓDIGO DE LENGUA |
| Código de lengua del recurso |
spa |
| 100 1# - AUTOR PERSONAL |
| Término indicativo de función/relación |
autor |
| 245 1# - MENCIÓN DE TÍTULO |
| Título |
La comunicación frente al desarrollo humano y social: Balance y prospectiva |
| Mención de responsabilidad, etc. |
/Javier Esteinou Madrid, Carmen Gómez Mont, Marcelino Bisbal, Eduardo Posada, Antonio Roveda Hoyos, Alma Montoya, Germán Muñoz Marisol Cano, Lino Uribe, Rafael Obregón, Juan Guillermo Árias, Henry Calderón |
| 264 ## - PRODUCCIÓN, PUBLICACIÓN, DISTRIBUCIÓN, FABRICACIÓN Y COPYRIGHT |
| Producción, publicación, distribución, fabricación y copyright |
Bogotá: |
| Nombre del de productor, editor, distribuidor, fabricante |
Uniminuto; |
| Fecha de producción, publicación, distribución, fabricación o copyright |
2001. |
| 300 ## - DESCRIPCIÓN FÍSICA |
| Extensión |
200 páginas. |
| 336 ## - TIPO DE CONTENIDO |
| Término de tipo de contenido |
texto |
| Código de tipo de contenido |
txt |
| Fuente |
rdacontenido |
| 337 ## - TIPO DE MEDIO |
| Nombre/término del tipo de medio |
no mediado |
| Código del tipo de medio |
n |
| Fuente |
rdamedio |
| 338 ## - TIPO DE SOPORTE |
| Nombre/término del tipo de soporte |
volumen |
| Código del tipo de soporte |
nc |
| Fuente |
rdasoporte |
| 520 3# - SUMARIO, ETC. |
| Sumario, etc. |
Pensar la comunicación desde el desarrollo humano y social, sostenible e integral, se constituye en el gran campo de investigación de la Facultad de Comunicación Social-Periodismo de la Corporación Universitaria Minuto de Dios. La comunicación para el desarrollo y el desarrollo de la comunicación, como concepto-acción, herramienta y útil instrumento social que dinamiza, anima, construye, deconstruye y reactiva procesos al interior de la sociedad es, entre otras, una de las fundamentales preocupaciones teóricas y prácticas para la Facultad, que aún hoy, después de más de ocho años, es objeto de análisis permanente.<br/><br/>Este libro compila una serie de reflexiones, ensayos y discusiones, producto del pensamiento de los ponentes que participaron en el XVIII Encuentro Académico de Afacom, quienes hicieron un gran esfuerzo por sintetizar la amplia y abundante historiografía de la comunicación, su relación con el desarrollo humano social en el siglo XX y su prospectiva para este siglo.<br/><br/>El Encuentro fue realizado en la modalidad de ponencias centrales y grupos de reflexión y, su propósito esencial, radicó en la construcción de un espacio académico, amplio e interdisciplinario, en donde pudieran converger y dialogar distintas posturas y lecturas de la comunicación como ciencia, como fenómeno, como práctica social; su compromiso y relación con las ideas de desarrollo continental, y su resignificación para nuestro tiempo. Obviamente, también tuvimos la visión del periodismo, de las tecnologías de la información y su papel en el mundo contemporáneo. |
| 942 #1 - ELEMENTOS DE ENTRADA AGREGADA (KOHA) |
| Fuente del sistema de clasificación o colocación |
Library of Congress Classification |
| Ocultar en OPAC |
No |
| Tipo de ítem Koha |
Libros |